[Event "XIII. Solinger Karnevalsopen"]
[Site "Solingen"]
[Date "2024.02.10"]
[Round "3.27"]
[White "Lohmueller, Mario"]
[Black "Rewerts, Ingo"]
[Result "1/2-1/2"]
[WhiteElo "1610"]
[BlackElo "1798"]
[Annotator "Fränzel,Marius"]
[PlyCount "61"]
[EventDate "2024.??.??"]
[WhiteTeam "SC Neckarsulm e.V."]
[BlackTeam "SV Horrem 1948"]

1. d4 Nf6 2. c4 e5 3. dxe5 Ng4 4. Nf3 Nc6 5. Qc2 Ngxe5 6. g3 Nxf3+ 7. exf3 Bb4+
8. Nc3 O-O 9. Bg2 Re8+ 10. Be3 Qf6 11. Rc1 d6 12. O-O Bxc3 13. Qxc3 Qxc3 14.
Rxc3 Be6 15. f4 Nd8 16. Rd1 Nc6 17. c5 dxc5 18. Bxc5 Rad8 19. Rdc1 Bd5 {(=)}
20. a4 Bxg2 21. Kxg2 a6 22. b4 Nd4 23. Re3 Ne6 24. Rce1 b6 25. f5 bxc5 26. fxe6
cxb4 27. exf7+ Kxf7 28. Rf3+ Kg6 29. Rc1 Re7 30. Rc4 a5 31. Rg4+ 1/2-1/2

[Event "XIII. Solinger Karnevalsopen"]
[Site "Solingen"]
[Date "2024.02.10"]
[Round "3.28"]
[White "Kupke, Jonas"]
[Black "Linke, Marius"]
[Result "0-1"]
[WhiteElo "1569"]
[BlackElo "1703"]
[PlyCount "44"]
[EventDate "2024.??.??"]
[WhiteTeam "Wiesbadener SV 1885"]
[BlackTeam "SG Solingen e. V."]

1. e4 e6 2. d4 d5 3. e5 c5 4. c3 Nc6 5. Nf3 Bd7 6. dxc5 Bxc5 7. b4 Bb6 8. b5
Na5 9. Bd3 Ne7 10. a4 Rc8 11. O-O Ng6 12. Ba3 Bc5 13. Nbd2 Bxa3 14. Rxa3 Qe7
15. Qc1 Nf4 16. c4 dxc4 17. Nxc4 Nxc4 18. Bxc4 Ne2+ 19. Bxe2 Rxc1 20. Rxc1 Qxa3
21. b6 Qxc1+ 22. Bf1 a6 0-1

[Event "XIII. Solinger Karnevalsopen"]
[Site "Solingen"]
[Date "2024.02.10"]
[Round "3.29"]
[White "Klaus, Daniel"]
[Black "Broncel, Kevin"]
[Result "0-1"]
[WhiteElo "1383"]
[BlackElo "1667"]
[Annotator "Fränzel,Marius"]
[PlyCount "86"]
[EventDate "2024.??.??"]
[WhiteTeam "SF Essen-Katernberg 0"]
[BlackTeam "SC Neckarsulm e.V."]

1. e4 c6 2. d4 d5 3. Nd2 dxe4 4. Nxe4 Nf6 5. Nxf6+ exf6 6. c3 Bd6 7. Bd3 O-O 8.
Ne2 Re8 9. O-O Nd7 10. Ng3 Nf8 11. Nf5 Bc7 12. Qg4 Bxf5 13. Qxf5 Qd6 14. g3 Re7
15. a4 g6 16. Qf3 Kg7 17. b3 Qd8 18. h4 h5 19. Ba3 Bd6 20. Bc1 Bc7 21. Ba3 Re8
22. Bc4 Nd7 23. Kg2 f5 24. Rfe1 Nf6 25. Re2 Rxe2 26. Bxe2 f4 27. Bc1 fxg3 28.
fxg3 Qd7 29. Bg5 Ng4 30. Rf1 Re8 31. Bc4 f5 32. Rb1 Re4 33. Bd3 Re8 34. Bc4 {
(=)} Bd8 35. Bf4 Bc7 36. Bg5 Nf6 37. Bxf6+ Kxf6 38. Rb2 Re4 39. Re2 Rg4 40.
Re6+ Kg7 41. Qe2 Rxg3+ 42. Kf1 Bd6 43. Qd2 Qd8 0-1

[Event "XIII. Solinger Karnevalsopen"]
[Site "Solingen"]
[Date "2024.02.10"]
[Round "3.30"]
[White "Bock, Juergen"]
[Black "Schuricht, Dirk"]
[Result "1-0"]
[WhiteElo "1700"]
[BlackElo "1388"]
[PlyCount "69"]
[EventDate "2024.??.??"]
[WhiteTeam "SC Duesseldorf Garath 197"]
[BlackTeam "Krefelder SK Turm 1851 e"]

1. d4 Nf6 2. Nf3 c5 3. e3 cxd4 4. exd4 g6 5. Bd3 Bg7 6. O-O O-O 7. Bg5 d6 8. h3
Nbd7 9. Nbd2 b6 10. c3 Bb7 11. Re1 Re8 12. Qb3 d5 13. a4 a6 14. Qb4 Bf8 15. Qb3
Qc7 16. Rac1 e6 17. Ne5 Nxe5 18. dxe5 Nd7 19. f4 Nc5 20. Qc2 Nxd3 21. Qxd3 Bc5+
22. Kh1 Qc6 23. Qg3 Qxa4 24. Nf3 Be7 25. Qh4 Bxg5 26. Nxg5 h5 27. Nxf7 Kxf7 28.
Qf6+ Kg8 29. Qxg6+ Kf8 30. Qf6+ Kg8 31. Re3 Qd7 32. Rg3+ Kh7 33. Rg5 Rf8 34.
Rxh5+ Kg8 35. Rh8# 1-0

[Event "XIII. Solinger Karnevalsopen"]
[Site "Solingen"]
[Date "2024.02.10"]
[Round "3.31"]
[White "Kukowski, Holger"]
[Black "Mohebbi, Sam"]
[Result "0-1"]
[WhiteElo "1373"]
[BlackElo "1565"]
[PlyCount "90"]
[EventDate "2024.??.??"]
[WhiteTeam "SC Listiger Bauer Essen-"]
[BlackTeam "SG Porz e. V."]

1. c4 Nf6 2. g3 e6 3. Bg2 d5 4. Nf3 Be7 5. O-O O-O 6. b3 a5 7. Bb2 Bd7 8. Ne5
a4 9. Nxd7 Qxd7 10. Nc3 a3 11. Bc1 c6 12. d3 Bb4 13. Bd2 b5 14. cxb5 cxb5 15.
Rc1 Na6 16. Nb1 Be7 17. Bc3 b4 18. Ba1 Rac8 19. Qd2 Nc7 20. e3 Nb5 21. d4 Qb7
22. f3 Rfd8 23. Rfd1 h5 24. Bf1 Nd6 25. Qd3 Nf5 26. Kf2 h4 27. Qa6 Qb8 28. Qb5
hxg3+ 29. hxg3 Qxg3+ 30. Ke2 Nh4 31. Nd2 Nh7 32. Qa6 Ra8 33. Qb7 Bd6 34. Rc6
Rab8 35. Qa6 Ng5 36. Rdc1 Nhxf3 37. Nxf3 Qxf3+ 38. Kd3 Qf5+ 39. Kd2 Ne4+ 40.
Kd1 Ra8 41. Qe2 Ng3 42. Qg2 Qxf1+ 43. Qxf1 Nxf1 44. Ke2 Ng3+ 45. Kd3 Ne4 0-1

[Event "XIII. Solinger Karnevalsopen"]
[Site "Solingen"]
[Date "2024.02.10"]
[Round "3.32"]
[White "White, William"]
[Black "Langensiepen, Burkhard"]
[Result "1-0"]
[WhiteElo "1210"]
[BlackElo "1507"]
[PlyCount "97"]
[EventDate "2024.??.??"]
[WhiteTeam "SG Solingen e. V."]
[BlackTeam "SF Vonkeln 1931"]

1. d4 Nf6 2. Nf3 e6 3. Bf4 c5 4. dxc5 Bxc5 5. Nc3 O-O 6. e3 d5 7. Be2 b6 8. O-O
Nc6 9. Bb5 Bb7 10. Ne5 Rc8 11. Nxc6 Bxc6 12. Bxc6 Rxc6 13. Na4 Bd6 14. Bxd6
Qxd6 15. Nc3 a6 16. Qe2 b5 17. e4 Nxe4 18. Nxe4 dxe4 19. Qxe4 Rd8 20. Rac1 Qc7
21. Rfd1 Rcd6 22. Rxd6 Rxd6 23. Qa8+ Qd8 24. Qxd8+ Rxd8 25. Kf1 Kf8 26. Ke2 Ke7
27. Rd1 Rxd1 28. Kxd1 Kd6 29. Kd2 Kd5 30. Kd3 e5 31. b3 b4 32. c4+ bxc3 33.
Kxc3 Ke4 34. Kc4 f5 35. a4 f4 36. b4 f3 37. g3 Kf5 38. Kd5 e4 39. Kd4 e3 40.
Kxe3 Ke5 41. Kxf3 Kd4 42. Kf4 Kc4 43. b5 axb5 44. axb5 Kxb5 45. Ke5 Kc4 46. Ke6
Kd4 47. Kf7 Ke4 48. Kxg7 Kf3 49. Kxh7 1-0

[Event "XIII. Solinger Karnevalsopen"]
[Site "Solingen"]
[Date "2024.02.10"]
[Round "3.33"]
[White "Kramer, Lars"]
[Black "Stammen, York Magnus"]
[Result "1/2-1/2"]
[WhiteElo "1504"]
[BlackElo "1381"]
[PlyCount "49"]
[EventDate "2024.??.??"]
[WhiteTeam "SF 1982 Oetzingen e.V."]
[BlackTeam "LSV Turm Lippstadt"]

1. e4 e6 2. d4 d5 3. Nc3 Nf6 4. e5 Nfd7 5. f4 a6 6. Nf3 c5 7. Be3 Nc6 8. Qd2
cxd4 9. Nxd4 Bc5 10. O-O-O Nxd4 11. Bxd4 b5 12. Bxc5 Nxc5 13. Qd4 Qc7 14. Be2
Rb8 15. a3 Rb6 16. Kb1 Bd7 17. f5 O-O 18. f6 gxf6 19. Qg4+ Kh8 20. exf6 Rg8 21.
Qh5 Bc6 22. Bd3 Nxd3 23. Rxd3 Rg6 24. Rh3 h6 25. Rf1 1/2-1/2

[Event "XIII. Solinger Karnevalsopen"]
[Site "Solingen"]
[Date "2024.02.10"]
[Round "3.34"]
[White "Liehs, Karl"]
[Black "Fodor, Bernhard"]
[Result "1-0"]
[WhiteElo "1483"]
[BlackElo "1287"]
[PlyCount "57"]
[EventDate "2024.??.??"]
[WhiteTeam "SV 1925 Huerth-Berrenra"]
[BlackTeam "SG Solingen e. V."]

1. e4 c5 2. d4 cxd4 3. c3 dxc3 4. Nxc3 Nc6 5. Bc4 e6 6. Nf3 Bc5 7. O-O Nge7 8.
Qe2 Ng6 9. Rd1 Qe7 10. Bg5 f6 11. Be3 Bb6 12. Bxb6 axb6 13. Nb5 O-O 14. Qe3 Qc5
15. Qxc5 bxc5 16. Nd6 Nd4 17. Nxd4 cxd4 18. Rxd4 Ne5 19. Be2 Nc6 20. Rd2 Nb8
21. a3 Ra5 22. Rc1 Nc6 23. Nxc8 Rxc8 24. Rxd7 Na7 25. Rxc8+ Nxc8 26. Rd8+ Kf7
27. Rxc8 b6 28. Rb8 Rc5 29. Rxb6 1-0

[Event "XIII. Solinger Karnevalsopen"]
[Site "Solingen"]
[Date "2024.02.10"]
[Round "3.35"]
[White "Kovalyova, Alina"]
[Black "Shivkumar, Shreyas"]
[Result "0-1"]
[WhiteElo "1069"]
[BlackElo "1481"]
[PlyCount "76"]
[EventDate "2024.??.??"]
[WhiteTeam "SG Solingen e. V."]
[BlackTeam "SG Solingen e. V."]

1. e4 c6 2. d4 d5 3. e5 Bf5 4. Bd3 Bxd3 5. Qxd3 e6 6. Nf3 Nd7 7. O-O Nh6 8.
Bxh6 gxh6 9. Nc3 Qe7 10. a3 O-O-O 11. b4 Rg8 12. Qe3 Nb6 13. Qd3 Nc4 14. Na4 f6
15. Rfe1 f5 16. Nc3 Qg7 17. g3 f4 18. Ne2 Qg4 19. Nxf4 Qxf4 20. Kf1 Qxf3 21.
Qxf3 Nd2+ 22. Kg2 Nxf3 23. Kxf3 Be7 24. Kg2 Rg4 25. c3 h5 26. f3 Rg7 27. Rac1
Bg5 28. f4 Bxf4 29. Rc2 h4 30. Kf3 Bg5 31. gxh4 Rf8+ 32. Ke2 Bxh4 33. Rf1 Rg2+
34. Ke3 Bg5+ 35. Kd3 Rd2+ 36. Rxd2 Rxf1 37. c4 Bxd2 38. Kxd2 dxc4 0-1

[Event "XIII. Solinger Karnevalsopen"]
[Site "Solingen"]
[Date "2024.02.11"]
[Round "4.1"]
[White "Korchynskyi, Mykola"]
[Black "Diduh, Ihor"]
[Result "1/2-1/2"]
[WhiteElo "2263"]
[BlackElo "2030"]
[PlyCount "85"]
[EventDate "2024.??.??"]
[WhiteTeam "SF Essen-Katernberg 0"]
[BlackTeam "Polizeisport-Verein Duisburg 192"]

1. e4 Nc6 2. d4 d5 3. e5 Bf5 4. Nf3 e6 5. c3 Be7 6. Bd3 Bxd3 7. Qxd3 Qd7 8. O-O Nh6 9. Bxh6 gxh6 10. b4 a6 11. Nbd2 f6 12. exf6 Bxf6 13. Nb3 b6 14. Rfe1 O-O 15. Qe3 Rae8 16. Qxh6 e5 17. dxe5 Nxe5 18. Nxe5 Bxe5 19. Qd2 Kh8 20. Rad1 Qg7 21. Qxd5 Qf6 22. Kh1 Qxf2 23. Qc4 Qxa2 24. Rf1 b5 25. Rxf8+ Rxf8 26. Qc5 Bg7 27. Nd4 Qf2 28. h3 Re8 29. Qg5 Re1+ 30. Rxe1 Qxe1+ 31. Kh2 Be5+ 32. g3 Qf2+ 33. Kh1 Bxg3 34. Qd8+ Kg7 35. Qd7+ Kf6 36. Qe6+ Kg5 37. Qg4+ Kf6 38. Qe6+ Kg5 39. Qg8+ Kf6 40. Qh8+ Kg6 41. Qe8+ Kf6 42. Qe6+ Kg5 43. Qg8+ 1/2-1/2

[Event "XIII. Solinger Karnevalsopen"]
[Site "Solingen"]
[Date "2024.02.11"]
[Round "4.2"]
[White "Kliashtornyi, Arkadii"]
[Black "Grabowski, Pawel"]
[Result "0-1"]
[WhiteElo "1978"]
[BlackElo "2235"]
[PlyCount "160"]
[EventDate "2024.??.??"]
[WhiteTeam "SF Moers e. V."]
[BlackTeam "Godesberger SK 1929 e. V"]

1. d4 Nf6 2. c4 g6 3. Nc3 Bg7 4. e4 d6 5. h3 O-O 6. Be3 c6 7. Nf3 a6 8. Bd3 b5 9. O-O Nbd7 10. Re1 Ne8 11. Qd2 b4 12. Ne2 a5 13. Bh6 e5 14. Ng3 Bxh6 15. Qxh6 Qf6 16. Ng5 Qg7 17. Qxg7+ Kxg7 18. Nf3 Nc7 19. Bf1 Ne6 20. Red1 c5 21. dxe5 dxe5 22. Rd5 f6 23. Rad1 Nb6 24. Rd6 Na4 25. R1d2 Kf7 26. Be2 Ke7 27. R6d5 Nf4 28. Rd6 Ne6 29. R6d5 Ra6 30. Rc2 Bb7 31. Rd1 Rd8 32. Rxd8 Kxd8 33. Kf1 Rb6 34. Rd2+ Ke7 35. Bd1 Bc6 36. Bxa4 Bxa4 37. Ne1 Rd6 38. Rxd6 Kxd6 39. b3 Bc6 40. f3 a4 41. Nd3 Nd4 42. Nc1 Bd7 43. Nge2 Nc2 44. Kf2 f5 45. Ng3 f4 46. Nf1 g5 47. Ke2 h5 48. Kd2 Nd4 49. Nh2 a3 50. Kd3 {(=)} Be6 51. Kd2 Bg8 52. Kd3 Be6 53. Kd2 Nc6 54. Kd3 Ne7 55. Kc2 Bc8 56. Nd3 Ng8 57. Nf2 Nf6 58. Kd3 Be6 59. Kc2 Nd7 60. Nf1 Ke7 61. Nh2 Kf6 62. Kb1 Ke7 63. Kc2 Kd6 64. Nd3 Nb6 65. Nc1 Nc8 66. Kd2 Ne7 67. Kc2 Nc6 68. Kd2 Nd4 69. Kd3 Ke7 70. Kd2 Kf6 71. Kd3 g4 72. fxg4 hxg4 73. hxg4 Kg5 74. Nf3+ Kxg4 75. Nxe5+ Kg3 76. Nf3 Nxf3 77. gxf3 Kxf3 78. Ne2 Kg4 79. Ng1 Bf7 80. Ke2 Bxc4+ 0-1

[Event "XIII. Solinger Karnevalsopen"]
[Site "Solingen"]
[Date "2024.02.11"]
[Round "4.3"]
[White "Ngo, Quang Thai"]
[Black "Jugelt, Tobias"]
[Result "1-0"]
[WhiteElo "2094"]
[BlackElo "2367"]
[PlyCount "87"]
[EventDate "2024.??.??"]
[WhiteTeam "Aachener SV 1856 e. V."]
[BlackTeam "Bochumer SV 02"]

1. d4 d5 2. c4 c6 3. Nf3 Nf6 4. Nc3 g6 5. cxd5 cxd5 6. Bf4 Nc6 7. e3 Nh5 8. Bg5 h6 9. Bh4 g5 10. Ne5 Nxe5 11. dxe5 Ng7 12. Bb5+ Bd7 13. Qxd5 Bxb5 14. Qxb5+ Qd7 15. Bg3 e6 16. Qxd7+ Kxd7 17. Ke2 Bb4 18. Ne4 Rac8 19. a3 Ba5 20. Rac1 Ke7 21. Nd6 Rb8 22. b4 Bb6 23. a4 a6 24. h4 Nh5 25. a5 Bd8 26. hxg5 hxg5 27. Kf3 Kf8 28. Ne4 Kg7 29. Bh2 Kg6 30. Rhd1 b6 31. g4 Nf6 32. exf6 Rxh2 33. Rxd8 Rxd8 34. axb6 Rb8 35. Rc6 Rh1 36. Nc5 Rc1 37. Rd6 Rc4 38. Nxa6 Rb7 39. Nc5 Rb8 40. Nd7 Rcc8 41. Nxb8 Rxb8 42. Ke4 Kxf6 43. Kd4 Ke7 44. Kc5 1-0

[Event "XIII. Solinger Karnevalsopen"]
[Site "Solingen"]
[Date "2024.02.11"]
[Round "4.4"]
[White "Bub, Volker"]
[Black "Michalczak, Thomas"]
[Result "0-1"]
[WhiteElo "2050"]
[BlackElo "2203"]
[PlyCount "70"]
[EventDate "2024.??.??"]
[WhiteTeam "SC Tornado 86 Hochneukirch"]
[BlackTeam "SG Solingen e. V."]

1. Nf3 d5 2. g3 Nc6 3. d3 e5 4. c3 a5 5. Bg2 Be7 6. Nbd2 Be6 7. Qa4 Qd7 8. b4 {(=)} f6 9. b5 Nd8 10. c4 d4 11. Nb3 Ra7 12. h4 h5 13. Bd2 b6 14. O-O Nh6 15. Bxh6 Rxh6 16. Rfe1 Bb4 17. Nfd2 Kf8 18. a3 Bc3 19. Rac1 g5 20. hxg5 fxg5 21. e3 h4 22. exd4 hxg3 23. Rxc3 gxf2+ 24. Kxf2 exd4 25. Rcc1 Bh3 26. Bxh3 Qxh3 27. Nf3 g4 28. Nbxd4 gxf3 29. Nxf3 Rf6 30. Qd1 Qh2+ 31. Kf1 c5 32. Rc2 Qh3+ 33. Kf2 Raf7 34. Re3 Qh2+ 35. Ke1 Qh1+ 0-1

[Event "XIII. Solinger Karnevalsopen"]
[Site "Solingen"]
[Date "2024.02.11"]
[Round "4.5"]
[White "Marcziter, Dmitrii"]
[Black "Hagenhoff, Georg"]
[Result "1-0"]
[WhiteElo "2187"]
[BlackElo "1737"]
[PlyCount "61"]
[EventDate "2024.??.??"]
[WhiteTeam "SG Porz e. V."]
[BlackTeam "LSV Turm Lippstadt"]

1. d4 Nf6 2. c4 c5 3. d5 e6 4. Nc3 exd5 5. cxd5 d6 6. Nf3 g6 7. a4 Bg7 8. Nd2 O-O 9. Nc4 a6 10. Bf4 Ne8 11. e3 Qc7 12. Be2 Nd7 13. a5 b5 14. axb6 Nxb6 15. Na5 Nf6 16. O-O Re8 17. h3 Bf5 18. Nc4 Nxc4 19. Bxc4 Reb8 20. Qe2 Ne4 21. Nxe4 Bxe4 22. Ra2 a5 23. b3 Bc3 24. Rc1 Bg7 25. f3 Bf5 26. Qe1 Re8 27. Qg3 Be5 28. Bxe5 Rxe5 29. e4 Bd7 30. Rca1 f5 31. Qxe5 1-0

[Event "XIII. Solinger Karnevalsopen"]
[Site "Solingen"]
[Date "2024.02.11"]
[Round "4.6"]
[White "Kovalyov, Dima"]
[Black "Villwock, Martin"]
[Result "1/2-1/2"]
[WhiteElo "1602"]
[BlackElo "2096"]
[PlyCount "81"]
[EventDate "2024.??.??"]
[WhiteTeam "SG Solingen e. V."]
[BlackTeam "SF Essen-Katernberg 0"]

1. Nf3 d5 2. d4 Nf6 3. g3 Bf5 4. Bg2 c6 5. O-O h6 6. Re1 e6 7. c4 Nbd7 8. Nbd2 Be7 9. Qb3 Qb6 10. c5 Qxb3 11. axb3 g5 12. b4 O-O 13. Nb3 b6 14. h4 Ne4 15. Nbd2 f6 16. Nxe4 Bxe4 17. Bd2 Rfb8 18. Bc3 a5 19. bxa5 bxc5 20. dxc5 Bxc5 21. Rac1 Kf7 22. hxg5 hxg5 23. Red1 Ke7 24. Ne1 Bxg2 25. Kxg2 Ra6 26. Nd3 Bd6 27. b4 Rb5 28. Rh1 e5 29. Rb1 e4 30. Ne1 Raxa5 31. Nc2 Ra2 32. Nd4 Rb6 33. Rh7+ Ke8 34. Nf5 Bf8 35. Rbh1 Rc2 36. Ba1 Rxb4 37. Nd4 Rcc4 38. Ne6 Ra4 39. Nc7+ Kd8 40. Ne6+ Ke8 41. Nc7+ 1/2-1/2

[Event "XIII. Solinger Karnevalsopen"]
[Site "Solingen"]
[Date "2024.02.11"]
[Round "4.7"]
[White "Volkov, Mykyta"]
[Black "Asadzade, Muhammed"]
[Result "1-0"]
[WhiteElo "2259"]
[BlackElo "1621"]
[PlyCount "57"]
[EventDate "2024.??.??"]
[WhiteTeam "Elberfelder SG"]
[BlackTeam "SV 1919 Koenigsspr"]

1. d4 Nf6 2. c4 c5 3. d5 b5 4. cxb5 a6 5. e3 Bb7 6. Nc3 Qa5 7. Bd2 axb5 8. Bxb5 Qb6 9. a4 Nxd5 10. Nf3 e6 11. O-O Be7 12. e4 Nb4 13. Ne5 O-O 14. Nc4 Qc7 15. e5 f5 16. Na2 Nxa2 17. Rxa2 Bc6 18. Bxc6 Nxc6 19. Bc3 Rfd8 20. Qe2 d5 21. exd6 Bxd6 22. Qxe6+ Qf7 23. Qxf7+ Kxf7 24. g3 Nb4 25. Bxb4 cxb4 26. b3 Bc7 27. Re1 Rd3 28. Rae2 Rad8 29. Re7+ 1-0

[Event "XIII. Solinger Karnevalsopen"]
[Site "Solingen"]
[Date "2024.02.11"]
[Round "4.8"]
[White "Bien, Stefan"]
[Black "Shivkumar, Siddharth"]
[Result "0-1"]
[WhiteElo "2017"]
[BlackElo "1845"]
[PlyCount "58"]
[EventDate "2024.??.??"]
[WhiteTeam "SV Horrem 1948"]
[BlackTeam "SG Solingen e. V."]

1. d4 Nf6 2. Nf3 e6 3. Bg5 h6 4. Bxf6 Qxf6 5. e3 b6 6. Bd3 Bb7 7. Nbd2 Qd8 8. Qe2 Be7 9. c3 d6 10. O-O Nd7 11. Ba6 Qc8 12. Bxb7 Qxb7 13. Rfd1 O-O 14. Rac1 Rfe8 15. a3 b5 16. c4 c6 17. cxb5 cxb5 18. Rc2 a6 19. Rdc1 Rec8 20. Qd3 Nb6 21. Qb3 Rab8 22. Ne1 d5 23. Nd3 Nc4 24. Qc3 a5 25. b4 axb4 26. axb4 Ra8 27. Ra1 Na3 28. Nc5 Bxc5 29. Rca2 Bxb4 0-1

[Event "XIII. Solinger Karnevalsopen"]
[Site "Solingen"]
[Date "2024.02.11"]
[Round "4.9"]
[White "Meckel, Helmut"]
[Black "Maenken, Merlin"]
[Result "0-1"]
[WhiteElo "1846"]
[BlackElo "1989"]
[PlyCount "112"]
[EventDate "2024.??.??"]
[WhiteTeam "SG Solingen e. V."]
[BlackTeam "Elberfelder SG"]

1. b4 Nf6 2. Bb2 d5 3. e3 Bf5 4. Nf3 e6 5. b5 a6 6. a4 Bd6 7. c4 O-O 8. Nc3 c6 9. cxd5 exd5 10. Be2 Qb6 11. Qc1 axb5 12. axb5 Nbd7 13. Ba3 Qa5 14. Bb2 Qc7 15. d4 Ne4 16. Nxe4 Bxe4 17. Qc3 Rxa1+ 18. Bxa1 Ra8 19. Bb2 Nb6 20. Kf1 Na4 21. Qb3 Nxb2 22. Qxb2 Qa5 23. Ne1 Qa1 24. Qd2 Ra2 25. Qd1 Qc3 26. f3 Ra1 27. Qxa1 Qxa1 28. fxe4 Bb4 29. Kf2 dxe4 30. bxc6 bxc6 31. Rf1 Qb2 32. g3 g5 33. Ng2 Kg7 34. Re1 Qb3 35. Rc1 Bc3 36. h3 Qb2 37. Rd1 Qb3 38. Rf1 Kg6 39. h4 h6 40. Bg4 f5 41. h5+ Kf6 42. Kg1 Qb5 43. Rf2 Ke6 44. Be2 Qb4 45. Kh2 Be1 46. Rf1 Bd2 47. g4 Qd6+ 48. Kh3 f4 49. exf4 gxf4 50. g5 Qa3+ 51. Kh2 Qg3+ 52. Kh1 Qh3+ 53. Kg1 hxg5 54. Rd1 Be3+ 55. Nxe3 Qxe3+ 56. Kf1 Qh3+ 0-1

[Event "XIII. Solinger Karnevalsopen"]
[Site "Solingen"]
[Date "2024.02.11"]
[Round "4.10"]
[White "Krueger, Andre"]
[Black "Wilk, Clemens"]
[Result "1-0"]
[WhiteElo "1961"]
[BlackElo "1662"]
[PlyCount "111"]
[EventDate "2024.??.??"]
[WhiteTeam "Oberhausener SV 1887 e"]
[BlackTeam "SF 1982 Oetzingen e.V."]

1. c4 c5 2. Nf3 Nf6 3. g3 Nc6 4. Bg2 g6 5. O-O Bg7 6. Nc3 O-O 7. d4 d6 8. d5 Nb8 9. Qc2 a6 10. a4 e6 11. e4 exd5 12. cxd5 Re8 13. Nd2 Nbd7 14. Nc4 Nb6 15. Na3 h6 16. a5 Nbd7 17. Nc4 Qc7 18. Na4 Ne5 19. Nxe5 Rxe5 20. b4 Re7 21. Nb6 Rb8 22. Bd2 Ne8 23. Rac1 cxb4 24. Bxb4 Qxc2 25. Rxc2 Bd7 26. Rfc1 Bb5 27. Rc8 Rxc8 28. Rxc8 Kh7 29. h3 Bd3 30. f3 Bd4+ 31. Kh2 f5 32. Nc4 Bxc4 33. Rxc4 Bf6 34. Kg1 fxe4 35. fxe4 Be5 36. Kf2 Rc7 37. Rxc7+ Nxc7 38. Bf1 Kg7 39. Be2 h5 40. g4 hxg4 41. Bxg4 Kf6 42. Bc8 b6 43. axb6 Bd4+ 44. Kf3 Bxb6 45. Bxd6 a5 46. Bd7 Kf7 47. Bc6 Ne8 48. Bxe8+ Kxe8 49. e5 Kd7 50. Ke4 a4 51. Kd3 g5 52. Kc3 Ba5+ 53. Bb4 Bc7 54. e6+ Ke8 55. d6 Bd8 56. d7# 1-0

[Event "XIII. Solinger Karnevalsopen"]
[Site "Solingen"]
[Date "2024.02.11"]
[Round "4.11"]
[White "Rabiya, Karim"]
[Black "Sereda, Yaroslava"]
[Result "1-0"]
[WhiteElo "1715"]
[BlackElo "1909"]
[PlyCount "57"]
[EventDate "2024.??.??"]
[WhiteTeam "SK Niederbrechen 1948"]
[BlackTeam "SG Solingen e. V."]

1. e4 c5 2. Nf3 Nc6 3. Bb5 e5 4. O-O Bd6 5. a4 Nf6 6. d3 Bc7 7. Bg5 a6 8. Bc4 d6 9. h3 Be6 10. Nc3 Nb4 11. Re1 h6 12. Bh4 Qe7 13. Re3 Rg8 14. Nd5 Nbxd5 15. exd5 Bd7 16. c3 g5 17. Bg3 O-O-O 18. b4 cxb4 19. Qb3 b5 20. axb5 axb5 21. Qxb4 Bb6 22. Bxb5 Nxd5 23. Qc4+ Nc7 24. Ba6+ Kb8 25. Qb3 Na8 26. Nxe5 Kc7 27. Qc4+ Bc5 28. Nxd7 Qxd7 29. Qxc5+ 1-0

[Event "XIII. Solinger Karnevalsopen"]
[Site "Solingen"]
[Date "2024.02.11"]
[Round "4.12"]
[White "Lueersen, Lukas"]
[Black "Stark, Timo"]
[Result "1/2-1/2"]
[WhiteElo "1650"]
[BlackElo "1892"]
[PlyCount "61"]
[EventDate "2024.??.??"]
[WhiteTeam "SF Essen-Katernberg 0"]
[BlackTeam "SC Neckarsulm e.V."]

1. e4 e5 2. d4 exd4 3. Nf3 c5 4. Bc4 d6 5. c3 Be7 6. Qb3 Nc6 7. Bxf7+ Kf8 8. Bxg8 Rxg8 9. cxd4 cxd4 10. O-O Bf6 11. Bf4 Qe7 12. Nbd2 Be6 13. Qa4 g5 14. Bg3 h5 15. Qa3 Rd8 16. e5 dxe5 17. Qxe7+ Kxe7 18. Rfe1 Rd5 19. Nc4 h4 20. Bxe5 Nxe5 21. Nfxe5 b5 22. Nc6+ Kd7 23. Nd2 {(=)} Bf5 24. Nb4 Rc5 25. Ne4 Bxe4 26. Rxe4 Re8 27. Rxe8 Kxe8 28. Kf1 a5 29. Nd3 Rc2 30. Re1+ Kf7 31. Re2 1/2-1/2

[Event "XIII. Solinger Karnevalsopen"]
[Site "Solingen"]
[Date "2024.02.11"]
[Round "4.13"]
[White "Weber, Yannik"]
[Black "Steinbach, Wolfgang"]
[Result "0-1"]
[WhiteElo "1529"]
[BlackElo "1866"]
[PlyCount "24"]
[EventDate "2024.??.??"]
[WhiteTeam "SC Neckarsulm e.V."]
[BlackTeam "SG Solingen e. V."]

1. e4 c5 2. Nf3 a6 3. d4 cxd4 4. Nxd4 Nf6 5. Nc3 e5 6. Nde2 Bc5 7. Bg5 Bxf2+ 8. Kxf2 Ng4+ 9. Kg1 Qxg5 10. Qd3 Qf6 11. Qf3 Qb6+ 12. Nd4 Qxd4+ 0-1

[Event "XIII. Solinger Karnevalsopen"]
[Site "Solingen"]
[Date "2024.02.11"]
[Round "4.14"]
[White "Immel, Kaspar"]
[Black "Balster, Semjon"]
[Result "0-1"]
[WhiteElo "1065"]
[BlackElo "1863"]
[PlyCount "60"]
[EventDate "2024.??.??"]
[WhiteTeam "SG Solingen e. V."]
[BlackTeam "DJK Eintracht Coesfeld e. V."]

1. e4 Nf6 2. Nc3 d5 3. exd5 Nxd5 4. Bc4 c6 5. Nge2 Bg4 6. O-O e6 7. h3 Bh5 8. d3 Bd6 9. Bxd5 cxd5 10. Nb5 Nc6 11. Nxd6+ Qxd6 12. g4 Bg6 13. Bf4 e5 14. Bg3 O-O 15. f4 f6 16. fxe5 fxe5 17. d4 Rxf1+ 18. Qxf1 Rf8 19. Qd1 Be4 20. Nc3 Qh6 21. Kh2 Bf3 22. Qd3 e4 23. Qf1 Nxd4 24. Nxd5 Ne2 25. Rd1 Nxg3 26. Ne7+ Kh8 27. Kxg3 Qf4+ 28. Kh4 Bxd1 29. Qxd1 Qf6+ 30. Kg3 Qf2# 0-1

[Event "XIII. Solinger Karnevalsopen"]
[Site "Solingen"]
[Date "2024.02.11"]
[Round "4.16"]
[White "Vortmeier, Jan"]
[Black "Reinhardt, Klaus"]
[Result "1-0"]
[WhiteElo "1987"]
[BlackElo "1774"]
[PlyCount "89"]
[EventDate "2024.??.??"]
[WhiteTeam "Polizeisport-Verein Duisburg 192"]
[BlackTeam "vereinslos"]

1. Nf3 d5 2. g3 Nf6 3. Bg2 g6 4. c4 dxc4 5. Na3 Bg7 6. Nxc4 O-O 7. O-O c6 8. d4 Na6 9. Re1 Be6 10. Nce5 Bd5 11. b3 Qb6 12. Nc4 Qd8 13. Bb2 Qc7 14. Rc1 Rad8 15. a3 Qb8 16. b4 Nc7 17. e3 Rfe8 18. Qe2 Ne4 19. h4 Nd6 20. Nce5 Be4 21. h5 Nd5 22. hxg6 hxg6 23. Nh4 Bxg2 24. Kxg2 Nf6 25. Rh1 Qc8 26. Qc2 Nf5 27. Qb3 e6 28. Nxf5 gxf5 29. b5 Qa8 30. bxc6 bxc6 31. f3 Rb8 32. Qa2 Rb6 33. Rc2 Nd5 34. Nc4 Ra6 35. Qb3 Rb8 36. Qd3 Ra4 37. Ne5 Bxe5 38. dxe5 Rd8 39. Qb3 Ra6 40. Bd4 Rb8 41. Qd3 Ra4 42. g4 Rd8 43. Kg3 Nxe3 44. Qxe3 Raxd4 45. Qg5+ 1-0

[Event "XIII. Solinger Karnevalsopen"]
[Site "Solingen"]
[Date "2024.02.11"]
[Round "4.17"]
[White "Gelsok, Philipp"]
[Black "Runte, Dirk"]
[Result "1-0"]
[WhiteElo "1929"]
[BlackElo "1670"]
[PlyCount "71"]
[EventDate "2024.??.??"]
[WhiteTeam "Bergische SF 1923 Ber"]
[BlackTeam "SF Lohmar 1974 e. V."]

1. e4 c5 2. Nf3 d6 3. d4 cxd4 4. Nxd4 Nf6 5. Nc3 a6 6. h3 Nc6 7. Be3 g6 8. Qd2 Nxd4 9. Bxd4 Bg7 10. O-O-O O-O 11. f3 Qa5 12. Kb1 b5 13. Nd5 Qd8 14. Nxf6+ Bxf6 15. Bxf6 exf6 16. Qxd6 Be6 17. Qxd8 Rfxd8 18. Rxd8+ Rxd8 19. Bd3 Rd6 20. a3 Kf8 21. Kc1 Rc6 22. Kd2 Rc5 23. h4 f5 24. b4 Rc6 25. exf5 Bxf5 26. g4 Be6 27. h5 Bd5 28. hxg6 hxg6 29. Rf1 Rf6 30. f4 Rc6 31. Ra1 Be6 32. g5 Bc4 33. Re1 f6 34. gxf6 Rxf6 35. Bxc4 bxc4 36. Re4 1-0

[Event "XIII. Solinger Karnevalsopen"]
[Site "Solingen"]
[Date "2024.02.11"]
[Round "4.18"]
[White "Anschuetz, Wolfgang"]
[Black "Amini, Yusuf"]
[Result "1/2-1/2"]
[WhiteElo "1895"]
[BlackElo "1657"]
[PlyCount "52"]
[EventDate "2024.??.??"]
[WhiteTeam "Duesseldorfer SK 14/25 e."]
[BlackTeam "SC Monheim/Baumberg 1958"]

1. d4 Nf6 2. c4 e6 3. Nf3 d5 4. g3 Be7 5. Bg2 O-O 6. Nc3 c6 7. O-O b6 8. Nd2 Bb7 9. e4 dxe4 10. Ndxe4 Nbd7 11. Qc2 Nxe4 12. Nxe4 Nf6 13. Rd1 Qd7 14. Bg5 Nxe4 15. Bxe7 Qxe7 16. Bxe4 h6 17. c5 Rfd8 18. b4 Rd7 19. b5 Rc8 20. Bxc6 Bxc6 21. bxc6 Rxc6 22. Qe4 Rdc7 23. cxb6 Rxb6 24. Rd2 Rd6 25. Rad1 Rcd7 26. d5 exd5 1/2-1/2